| 000 | 00518nam a2200193Ia 4500 | ||
|---|---|---|---|
| 001 | 19402 | ||
| 003 | GE_BSU | ||
| 008 | 181216s||||||||xx |||||||||||||| ||und|| | ||
| 040 | _cGE_BSU | ||
| 245 | 4 | _aThe Economist, november 19th-25 th 2016. Number 1843. Volume 421 | |
| 245 | _bNumber 1843. Volume 421 | ||
| 260 | _aParis | ||
| 260 | _c2016 | ||
| 300 | _a80p. 27cm. | ||
| 653 | _aNumber 1843. Volume 421 | ||
| 653 | _aThe Economist. november 19th-25 th 2016 | ||
| 653 | _aპერიოდიკა | ||
| 942 | _cCR | ||
| 999 |
_c52382 _d52382 |
||